| 000 -ლიდერი |
| ფიქსირებული სიგრძის საკონტროლო ველი |
01505nam a22002177a 4500 |
| 003 - საკონტროლო ნომრის იდენტიფიკატორი |
| საკონტროლო ველი |
Ge_BSU |
| 005 - ბოლო ოპერაციის თარიღი და დრო |
| საკონტროლო ველი |
20230531153233.0 |
| 008 - ფიქსირებული სიგრძის მონაცემთა ელემენტები - ზოგადი ინფორმაცია |
| ფიქსირებული სიგრძის საკონტროლო ველი |
230531s1981 ge ||||| |||| 00| 0 geo d |
| 041 ## - ენის კოდი |
| Language code of text/sound track or separate title |
geo |
| 080 ## - უნივერსალური ათობითი კლასიფიკაციის ინდექსი |
| Universal Decimal Classification number |
902.2(479.221.1) მ-97 |
| 245 ## - ცნობა სათაურის შესახებ |
| Title |
მცხეთა : |
| Remainder of title |
არქეოლოგიური კვლევა-ძიების შედეგები. ტ. 5. წ. 1-2, სამთავროს სამაროვნის წინაანტიკური ხანის არქეოლოგიური ძეგლები. მცხეთა-1977-78 წლების საველე-არქეოლოგიური კვლევა-ძიების შედეგები / |
| Statement of responsibility, etc |
ალ. კალანდაძე ; საქ. სსრ მეცნ. აკად., ივ. ჯავახიშვილის სახ. ისტორიის ინ-ტი. |
| 264 ## - წარმოების, გამოცემის, დისტრიბუციის და სხვა ცნობები |
| გამოცემის, წარმოების, დისტრიბუციის... ადგილი |
თბილისი : |
| გამოცემის, წარმოების, დისტრიბუციის... სახელწოდება |
მეცნიერება, |
| გამოცემის, წარმოების, დისტრიბუციის... თარიღი |
1981. |
| 300 ## - ფიზიკური აღწერა |
| Extent |
200 გვ. : |
| Other physical details |
40 ფ. ილ.; |
| Dimensions |
22 სმ. |
| 501 ## - შენიშვნა თანმხლებ მასალაზე |
| With note |
ლიტ. სია: გვ.179 (25 სხწ.). |
| 520 ## - SUMMARY, ETC. |
| Summary, etc |
რეზ. რუს. |
| 653 ## - INDEX TERM--UNCONTROLLED |
| Uncontrolled term |
მცხეთის არქეოლოგიური გათხრები. |
| 653 ## - INDEX TERM--UNCONTROLLED |
| Uncontrolled term |
სამარხები საქართველოში |
| 653 ## - INDEX TERM--UNCONTROLLED |
| Uncontrolled term |
სამთავროს სამაროვანი. |
| 700 ## - ADDED ENTRY--PERSONAL NAME |
| Personal name |
კალანდაძე, ალ. |
| Relator term |
ატორი |
| 9 (RLIN) |
3442 |
| 942 ## - ADDED ENTRY ELEMENTS (KOHA) |
| Source of classification or shelving scheme |
|
| Koha item type |
წიგნი |